Представление документа в формате RUSMARC

ПолеНазваниеЗначение
  Тип записи a
  Библиографический уровень c
001 Контрольный номер RU/SLIB/B/208772206
005 Дата корректировки 20221116114524.9
010 Индекс ISBN __
d Цена 0-90; 1000-00
101 Язык документа 0_
a Язык текста rus
c Язык оригинала rus
200 Заглавие и сведения об ответственности 1_
a Заглавие Собрание сочинений
e Сведения, относящиеся к заглавию в 8 т.
f Первые сведения об ответственности А. И. Герцен ; сост. и общ. ред. С. И. Машинского
b Общее обозначение материала Текст
i Наименование части Письма об изучении природы
i Наименование части Статьи
i Наименование части Дилетантизм в науке
h Номер части Т. 2
210 Выходные данные 1_
a Место издания М.
c Издательство Правда
d Дата издания 1975
215 Физическое описание __
a Объем 397 с.
c Иллюстрации/тип воспроизводства ил.
327 Примечание о содержании 0_
a Примечание о содержании Письма об изучении природы
606 Тематические рубрики __
a Основная рубрика Художественная литература
z Хронологическая подрубрика 19 в.
y Географическая подрубрика Россия
606 Тематические рубрики __
a Основная рубрика Русская литература XIX в. (произведения)
610 Ключевые слова 0_
a Ключевые слова письма; статьи; прозаики; писатели
686 Индексы других классификаций __
a Классификационный индекс 84(2=411.2)52-4; ст84(2Рос=Рус)1-4
700 Автор _1
a Фамилия Герцен
b Имя А. И.
4 Код отношения 070
702 Вторичная интеллектуальная ответственность _1
a Фамилия Машинский
b Имя С. И.
4 Код отношения Составитель
4 Код отношения 220
4 Код отношения 340
801 Источник записи _0
a Страна RU
b Организация Муниципальное бюджетное учреждение культуры "Централизованная библиотечная система" г. Сургут (Центральная городская библиотека им. А. С. Пушкина)
g Правила каталогизации КиК/Михайлова
801 Источник записи _1
a Страна RU
b Организация Муниципальное бюджетное учреждение культуры "Централизованная библиотечная система" г. Сургут (Центральная городская библиотека им. А. С. Пушкина)
g Правила каталогизации КиК/Михайлова
852 Данные о местонахождении __
j Шифр хранения 84(2=411.2)52-4
c Каталожный индекс 84(2Рос=Рус)1-4
i Авторский знак Г 41
p Инвентарный номер 14338(п); 47209(с); 63606
901 Тип документа __
t Тип документа x
903 Характеристики (МАРС) __
a Дата передачи 20060424
969 Тип издания __
a Тип издания сборник
990 Данные о заказе (DOS) __
j Количество экземпляров (DOS) 3
t N записи в КСУ для И/У (DOS) ретро